| 000 | 00729nam a2200229 a 4500 | ||
|---|---|---|---|
| 005 | 20250618063843.0 | ||
| 008 | 010912s1993 r 000 0 eng d | ||
| 020 | _a9706202420 | ||
| 035 | _aUPN01000111358 | ||
| 049 | _aCG | ||
| 050 | 4 |
_aF1219.76 S6.3 _bR6.6 |
|
| 100 | 1 | _aRoger, Odile | |
| 245 | 1 | 0 |
_aOrganización económica y social de los aztecas y culturas que les precedieron / _cOdile Roger, Ernesto H. Turner. |
| 260 |
_aMéxico : _bUAM-Azcapotzalco, _c1993. |
||
| 300 | _a136 p. | ||
| 440 | 0 | _aEconomía | |
| 650 | 4 |
_aAZTECAS - _xCONDICIONES SOCIALES _92981 |
|
| 650 | 4 |
_aAZTECAS - _xCONDICIONES ECONOMICAS _95894 |
|
| 650 | 4 |
_aIndígenas de México _9457 |
|
| 700 | 1 |
_aTurner, Ernesto H. _ecoaut. |
|
| 905 | _aLibro | ||
| 999 |
_c85266 _d85266 |
||